Poèts et romanciers du moyen age

Guardat en:
Dades bibliogràfiques
Format: Llibre
Idioma:francès
Publicat: París Gallimard 1952
Col·lecció:Bibliothèque de la Pléiade
Matèries:
Etiquetes: Afegir etiqueta
Sense etiquetes, Sigues el primer a etiquetar aquest registre!

MARC

LEADER 00000nam a2200000 a 4500
001 UCO5413
003 CL-VaPUC
008 000901e19520000FR |||||||||||||||||fre|d
082 0 4 |a 841  |b POE  |2 21 
245 1 0 |a Poèts et romanciers du moyen age 
300 |a 1305 p 
942 |c BK 
945 |d 20000901 00:00:00  |a crobeson 
260 |a París  |b Gallimard  |c 1952 
650 7 |a POESIAS MEDIEVALES FRANCESAS  |2 CL-VaPUC  |9 450154 
650 7 |a ROMANCES  |2 CL-VaPUC  |9 450167 
650 7 |a POESIA PROVENZAL  |2 CL-VaPUC  |9 264997 
650 7 |a TROVADORES  |2 CL-VaPUC  |9 265489 
650 0 |a Poesía épica   |9 269163 
650 0 |a Literatura francesa  |9 266330 
583 |a last modification  |c 20000901 00:00:00  |k Rodrigo Vera 
490 0 |a Bibliothèque de la Pléiade 
999 |c 291275  |d 291273 
952 |0 0  |1 0  |2 ddc  |4 0  |6 841_000000000000000_POE_1952  |7 0  |8 A  |9 341082  |a BIBART  |b BIBART  |d 2019-11-20  |i 1220071  |o 841 POE 1952  |p 1220071  |r 2025-03-13  |w 2019-11-20  |y BK  |k ART